Mismatched Cartoon Characters Quiz Stats

Quiz Updated Feb 10, 2018

Challenge
Share
Tweet
Score 0/35 Timer 05:00
0 Plays Today
% Correct
SpongeBob Bunny
96.3%
Scooby Rabbit
93.5%
Homer Jetson
91.8%
Fred Griffin
90.3%
Yosemite Duck
90.1%
Porky Hill
86.8%
Barney Flanders
85.6%
Philip J. Coyote
85.2%
Johnny Bear
84.6%
Woody Jack
83.2%
Betty Bubblegum
82.9%
Glenn Tentacles
81.8%
Hermes Fudd
81.7%
Foghorn Burns
80.8%
Professor Hubert J. Le Pew
79%
Cleveland Gonzales
78%
Scrooge Finster
76.6%
Eric Brown
76%
% Correct
Marvin Rogers
72.5%
Barney Krabs
66.1%
Olive Rainicorn
66%
Sandy Wong
65.7%
Tommy Smithers
65.2%
Patrick Marsh
63.6%
Kyle Van Houten
60.3%
Wendy Krabappel
55.7%
Token Skinner
55%
Kenny Swanson
49.8%
Lumpy Space Leela
48%
Lucy Hackwrench
45.9%
Butters Ghost
39.6%
Jeff Zoidberg
39.2%
Jon Seville
38.7%
Lil Smith
34.8%
Klaus Hawk
27.1%

You're not logged in!

Compare scores with friends on all Sporcle quizzes.
Sign Up with Email
OR
Log In

You Might Also Like...

Show Comments

Extras

Top Quizzes Today


Score Distribution

Your Account Isn't Verified!

In order to create a playlist on Sporcle, you need to verify the email address you used during registration. Go to your Sporcle Settings to finish the process.

Report this User

Report this user for behavior that violates our Community Guidelines.

Details: